000 00315nam a2200133Ia 4500
008 231129s9999||||xx |||||||||||||| ||spa||
040 _bspa
082 _aCo864.08 A674p
100 _aArciniegas Ismael Enrique
245 0 _aProsistas y poetas bogotanos
260 _c193
264 _aCentro
942 _2ddc
_cBKS
999 _c23377
_d23377